| 000 | 00600nam a2200229Ia 4500 | ||
|---|---|---|---|
| 008 | 160319s9999 xx 000 0 und d | ||
| 245 | 4 | _aThe hidden history of Rome / | |
| 245 | _cwithTerry Jones ; written and directed by Phil Grabsky. | ||
| 260 | _aPhilippines : | ||
| 260 | _bMagnavision. | ||
| 260 | _c2003 | ||
| 300 | _a1 videodisc (51 min.) : | ||
| 300 | _bsound, color : | ||
| 300 | _c4 3/4 in. | ||
| 650 | _aItaly -- | ||
| 650 | _aPalaces -- Italy -- Rome. | ||
| 650 | _aPalaces. | ||
| 650 | _aRome -- | ||
| 650 | _aRome (Empire) | ||
| 650 | _xHistory. | ||
| 650 | _xRome. | ||
| 999 |
_c292639 _d292639 |
||